<?xml version="1.0" encoding="UTF-8"?>
<record
    xmlns:xsi="http://www.w3.org/2001/XMLSchema-instance"
    xsi:schemaLocation="http://www.loc.gov/MARC21/slim http://www.loc.gov/standards/marcxml/schema/MARC21slim.xsd"
    xmlns="http://www.loc.gov/MARC21/slim">

  <leader>06224namaa22004451i 4500</leader>
  <controlfield tag="003">EG-GICUC</controlfield>
  <controlfield tag="005">20260422104656.0</controlfield>
  <controlfield tag="008">260406s2024    ua a|||frm||| 000 0 eng d</controlfield>
  <datafield tag="040" ind1=" " ind2=" ">
    <subfield code="a">EG-GICUC</subfield>
    <subfield code="b">eng</subfield>
    <subfield code="c">EG-GICUC</subfield>
    <subfield code="d">EG-GICUC</subfield>
    <subfield code="e">rda</subfield>
  </datafield>
  <datafield tag="041" ind1="0" ind2=" ">
    <subfield code="a">eng</subfield>
    <subfield code="b">eng</subfield>
    <subfield code="b">ara</subfield>
  </datafield>
  <datafield tag="049" ind1=" " ind2=" ">
    <subfield code="a">Deposit</subfield>
  </datafield>
  <datafield tag="082" ind1="0" ind2="4">
    <subfield code="a">615.321</subfield>
  </datafield>
  <datafield tag="092" ind1=" " ind2=" ">
    <subfield code="a">615.321</subfield>
    <subfield code="2">21</subfield>
  </datafield>
  <datafield tag="097" ind1=" " ind2=" ">
    <subfield code="a">M.Sc</subfield>
  </datafield>
  <datafield tag="099" ind1=" " ind2=" ">
    <subfield code="a">Cai01.12.05.M.Sc.2024.Ha.E</subfield>
  </datafield>
  <datafield tag="100" ind1="0" ind2=" ">
    <subfield code="a">Hanaa Toson Ahmed,</subfield>
    <subfield code="e">preparation.</subfield>
  </datafield>
  <datafield tag="245" ind1="1" ind2="0">
    <subfield code="a">Enhancement of the antibiotic susceptibility of clinical klebsiella isolates producing extended spectrum beta-lactamases by some plant extracts /</subfield>
    <subfield code="c">by Hanaa Toson Ahmed ; Supervisors Prof. Dr. Zienat Kamel Mohamed Ibrahim, Dr. Mohamed G. Farahat, Dr. Sherin Mohamed Ashraf Sharaf. </subfield>
  </datafield>
  <datafield tag="246" ind1="1" ind2="5">
    <subfield code="a">&#x632;&#x64A;&#x627;&#x62F;&#x629; &#x62D;&#x633;&#x627;&#x633;&#x64A;&#x629; &#x627;&#x644;&#x645;&#x636;&#x627;&#x62F;&#x627;&#x62A; &#x627;&#x644;&#x62D;&#x64A;&#x648;&#x64A;&#x629; &#x639;&#x644;&#x64A; &#x639;&#x632;&#x644;&#x627;&#x62A; &#x627;&#x644;&#x643;&#x644;&#x628;&#x633;&#x64A;&#x644;&#x627; &#x627;&#x644;&#x645;&#x645;&#x631;&#x636;&#x629; &#x627;&#x644;&#x645;&#x646;&#x62A;&#x62C;&#x629; &#x644;&#x644;&#x628;&#x64A;&#x62A;&#x627;&#x644;&#x627;&#x643;&#x62A;&#x627;&#x645;&#x64A;&#x632; &#x627;&#x644;&#x645;&#x645;&#x62A;&#x62F; &#x627;&#x644;&#x637;&#x64A;&#x641; &#x628;&#x625;&#x633;&#x62A;&#x62E;&#x62F;&#x627;&#x645; &#x628;&#x639;&#x636; &#x645;&#x633;&#x62A;&#x62E;&#x644;&#x635;&#x627;&#x62A; &#x627;&#x644;&#x646;&#x628;&#x627;&#x62A;&#x627;&#x62A; &#x627;&#x644;&#x637;&#x628;&#x64A;&#x629;</subfield>
  </datafield>
  <datafield tag="264" ind1=" " ind2="0">
    <subfield code="c">2025.</subfield>
  </datafield>
  <datafield tag="300" ind1=" " ind2=" ">
    <subfield code="a">21 pages : </subfield>
    <subfield code="b">illustrations ; </subfield>
    <subfield code="c">25 cm. + </subfield>
    <subfield code="e">CD.</subfield>
  </datafield>
  <datafield tag="336" ind1=" " ind2=" ">
    <subfield code="a">text</subfield>
    <subfield code="2">rda content</subfield>
  </datafield>
  <datafield tag="337" ind1=" " ind2=" ">
    <subfield code="a">Unmediated</subfield>
    <subfield code="2">rdamedia</subfield>
  </datafield>
  <datafield tag="338" ind1=" " ind2=" ">
    <subfield code="a">volume</subfield>
    <subfield code="2">rdacarrier</subfield>
  </datafield>
  <datafield tag="502" ind1=" " ind2=" ">
    <subfield code="a">Thesis (Ph.D)-Cairo University, 2024.</subfield>
  </datafield>
  <datafield tag="504" ind1=" " ind2=" ">
    <subfield code="a">Bibliography: pages 20-21. </subfield>
  </datafield>
  <datafield tag="520" ind1=" " ind2="3">
    <subfield code="a">Infections caused by extended-spectrum &#x3B2;-lactamases (ESBLs)-producing bacteria significantly challenge clinical patient care. This study aims to investigate the antibiogram of clinical Klebsiella isolates, focusing on prevalence of ESBL-producing Klebsiellapneumoniae (ESBL-Kp) and evaluate the antibacterial potential of Solenostemmaargel extracts against these isolates. Herein, 181 clinical Klebsiella spp. were identified by MALDI-TOF and Vitek2 system was used to determine the antibiograms of K. pneumoniae. Phenotypic detection of ESBL was conducted using CHROMagar ESBL and the molecular characterization of blaTEM, blaSHV, and blaCTX-M genes were carried out by polymerase chain reaction (PCR). In addition, the antibacterial activity of methanolic and ethanolic extracts of S. argel was investigated. Results revealed that 115 isolates out of 181 were identified as Klebsiella species. Of which, K. pneumoniae represented 89% while K. ozaenae and K. oxytoca were 7% and 4%, respectively. Results of the phenotypic detection of ESBL revealed that 28.5% of K. pneumoniae isolates produced ESBLs and the molecular characterization showed that 100, 87.5, and 45.8% of ESBL-Kp isolates were positive for blaSHV, blaCTX-M and blaTEM genes, respectively. Furthermore, the methanolic extract of S. argel exhibited promising antioxidant and antibacterial activity against ESBL-Kp with minimum inhibitory concentration (MIC) values ranged from 1 to 16 &#x3BC;g/mL. This investigation shed light on the elevated levels of resistance among clinical K. pneumoniae isolates accompanied by the acquisition of the blaSHV gene and verified the potent antibacterial activity of S. argel against ESBL-producing K. pneumoniae, suggesting the potential application of its methanolic extract in combating ESBL-Kp.</subfield>
  </datafield>
  <datafield tag="520" ind1=" " ind2="3">
    <subfield code="a">&#x62A;&#x634;&#x643;&#x644; &#x627;&#x644;&#x639;&#x62F;&#x648;&#x649; &#x627;&#x644;&#x62A;&#x64A; &#x62A;&#x633;&#x628;&#x628;&#x647;&#x627; &#x627;&#x644;&#x628;&#x643;&#x62A;&#x64A;&#x631;&#x64A;&#x627; &#x627;&#x644;&#x645;&#x646;&#x62A;&#x62C;&#x629; &#x644;&#x644;&#x628;&#x64A;&#x62A;&#x627; &#x644;&#x627;&#x643;&#x62A;&#x627;&#x645;&#x64A;&#x632; &#x630;&#x648; &#x627;&#x644;&#x637;&#x64A;&#x641; &#x627;&#x644;&#x645;&#x645;&#x62A;&#x62F; (ESBLs) &#x62A;&#x62D;&#x62F;&#x64A;&#x64B;&#x627; &#x635;&#x62D;&#x64A;&#x627; &#x643;&#x628;&#x64A;&#x631;&#x64B;&#x627;. &#x62A;&#x647;&#x62F;&#x641; &#x647;&#x630;&#x647; &#x627;&#x644;&#x62F;&#x631;&#x627;&#x633;&#x629; &#x625;&#x644;&#x649; &#x62F;&#x631;&#x627;&#x633;&#x629; &#x645;&#x642;&#x627;&#x648;&#x645;&#x629; &#x639;&#x632;&#x644;&#x627;&#x62A; &#x643;&#x644;&#x64A;&#x628;&#x633;&#x64A;&#x644;&#x627; &#x644;&#x644;&#x645;&#x636;&#x627;&#x62F;&#x627;&#x62A; &#x627;&#x644;&#x62D;&#x64A;&#x648;&#x64A;&#x629;&#x60C; &#x645;&#x639; &#x627;&#x644;&#x62A;&#x631;&#x643;&#x64A;&#x632; &#x639;&#x644;&#x649; &#x627;&#x646;&#x62A;&#x634;&#x627;&#x631; &#x643;&#x644;&#x64A;&#x628;&#x633;&#x64A;&#x644;&#x627; &#x646;&#x64A;&#x645;&#x648;&#x646;&#x64A;&#x627; &#x627;&#x644;&#x645;&#x646;&#x62A;&#x62C;&#x629; &#x644;&#x640; ESBL &#x648;&#x62A;&#x642;&#x64A;&#x64A;&#x645; &#x627;&#x644;&#x625;&#x645;&#x643;&#x627;&#x646;&#x627;&#x62A; &#x627;&#x644;&#x645;&#x636;&#x627;&#x62F;&#x629; &#x644;&#x644;&#x628;&#x643;&#x62A;&#x64A;&#x631;&#x64A;&#x627; &#x644;&#x645;&#x633;&#x62A;&#x62E;&#x644;&#x635;&#x627;&#x62A; &#x644;&#x646;&#x628;&#x627;&#x62A; &#x627;&#x644;&#x62D;&#x631;&#x62C;&#x644; Solenostemmaargel  &#x636;&#x62F; &#x647;&#x630;&#x647; &#x627;&#x644;&#x639;&#x632;&#x644;&#x627;&#x62A;.&#x641;&#x64A; &#x647;&#x630;&#x647; &#x627;&#x644;&#x62F;&#x631;&#x627;&#x633;&#x629;&#x60C; &#x62A;&#x645; &#x627;&#x644;&#x62A;&#x639;&#x631;&#x641; &#x639;&#x644;&#x649; 181 &#x646;&#x648;&#x639;&#x64B;&#x627; &#x645;&#x646; &#x643;&#x644;&#x64A;&#x628;&#x633;&#x64A;&#x644;&#x627; &#x628;&#x648;&#x627;&#x633;&#x637;&#x629; MALDI-TOF &#x648;&#x62A;&#x645; &#x627;&#x633;&#x62A;&#x62E;&#x62F;&#x627;&#x645; &#x646;&#x638;&#x627;&#x645; Vitek2 &#x644;&#x62A;&#x62D;&#x62F;&#x64A;&#x62F; &#x62D;&#x633;&#x627;&#x633;&#x64A;&#x62A;&#x647;&#x627; &#x644;&#x644;&#x645;&#x636;&#x627;&#x62F;&#x627;&#x62A; &#x627;&#x644;&#x62D;&#x64A;&#x648;&#x64A;&#x629;.&#x62A;&#x645; &#x625;&#x62C;&#x631;&#x627;&#x621; &#x627;&#x644;&#x643;&#x634;&#x641; &#x627;&#x644;&#x638;&#x627;&#x647;&#x631;&#x64A; &#x639;&#x646; ESBL &#x628;&#x627;&#x633;&#x62A;&#x62E;&#x62F;&#x627;&#x645;CHROMagar ESBL &#x648;&#x62A;&#x645; &#x625;&#x62C;&#x631;&#x627;&#x621; &#x627;&#x644;&#x62A;&#x648;&#x635;&#x64A;&#x641; &#x627;&#x644;&#x62C;&#x632;&#x64A;&#x626;&#x64A; &#x644;&#x62C;&#x64A;&#x646;&#x627;&#x62A;blaTEM&#x648; blaSHV&#x648; blaCTX-M &#x628;&#x648;&#x627;&#x633;&#x637;&#x629; &#x62A;&#x641;&#x627;&#x639;&#x644; &#x627;&#x644;&#x628;&#x644;&#x645;&#x631;&#x629; &#x627;&#x644;&#x645;&#x62A;&#x633;&#x644;&#x633;&#x644; (PCR).&#x628;&#x627;&#x644;&#x625;&#x636;&#x627;&#x641;&#x629; &#x625;&#x644;&#x649; &#x630;&#x644;&#x643;&#x60C; &#x62A;&#x645; &#x627;&#x644;&#x62A;&#x62D;&#x642;&#x64A;&#x642; &#x641;&#x64A; &#x627;&#x644;&#x646;&#x634;&#x627;&#x637; &#x627;&#x644;&#x645;&#x636;&#x627;&#x62F; &#x644;&#x644;&#x628;&#x643;&#x62A;&#x64A;&#x631;&#x64A;&#x627; &#x644;&#x644;&#x645;&#x633;&#x62A;&#x62E;&#x644;&#x635;&#x627;&#x62A; &#x627;&#x644;&#x645;&#x64A;&#x62B;&#x627;&#x646;&#x648;&#x644;&#x64A;&#x629; &#x648;&#x627;&#x644;&#x625;&#x64A;&#x62B;&#x627;&#x646;&#x648;&#x644;&#x64A;&#x629; &#x644;&#x644;&#x646;&#x628;&#x627;&#x62A; &#x648; &#x623;&#x638;&#x647;&#x631;&#x62A; &#x646;&#x62A;&#x627;&#x626;&#x62C; &#x627;&#x644;&#x62A;&#x639;&#x631;&#x64A;&#x641; &#x623;&#x646; 115 &#x639;&#x64A;&#x646;&#x629; &#x645;&#x646; &#x623;&#x635;&#x644; 181 &#x639;&#x64A;&#x646;&#x629; &#x623;&#x646;&#x647;&#x627; &#x646;&#x648;&#x639; &#x645;&#x646; &#x643;&#x644;&#x64A;&#x628;&#x633;&#x64A;&#x644;&#x627;&#x648;&#x623;&#x638;&#x647;&#x631; &#x627;&#x644;&#x62A;&#x648;&#x635;&#x64A;&#x641; &#x627;&#x644;&#x62C;&#x632;&#x64A;&#x626;&#x64A; &#x623;&#x646; 100 &#x648;87.5 &#x648;45.8% &#x645;&#x646; &#x639;&#x64A;&#x646;&#x627;&#x62A; ESBL-Kp&#x643;&#x627;&#x646;&#x62A; &#x625;&#x64A;&#x62C;&#x627;&#x628;&#x64A;&#x629; &#x644;&#x62C;&#x64A;&#x646;&#x627;&#x62A;blaSHV&#x648;blaCTX-M &#x648;blaTEM&#x639;&#x644;&#x649; &#x627;&#x644;&#x62A;&#x648;&#x627;&#x644;&#x64A;.&#x639;&#x644;&#x627;&#x648;&#x629; &#x639;&#x644;&#x649; &#x630;&#x644;&#x643;&#x60C; &#x623;&#x638;&#x647;&#x631; &#x627;&#x644;&#x645;&#x633;&#x62A;&#x62E;&#x644;&#x635; &#x627;&#x644;&#x645;&#x64A;&#x62B;&#x627;&#x646;&#x648;&#x644;&#x64A; &#x644;&#x644;&#x646;&#x628;&#x627;&#x62A; &#x646;&#x634;&#x627;&#x637;&#x64B;&#x627; &#x645;&#x636;&#x627;&#x62F;&#x64B;&#x627; &#x644;&#x644;&#x623;&#x643;&#x633;&#x62F;&#x629; &#x648;&#x645;&#x636;&#x627;&#x62F;&#x64B;&#x627; &#x644;&#x644;&#x628;&#x643;&#x62A;&#x64A;&#x631;&#x64A;&#x627; &#x645;&#x639; &#x642;&#x64A;&#x645; &#x62A;&#x631;&#x643;&#x64A;&#x632; &#x645;&#x62B;&#x628;&#x637; &#x623;&#x62F;&#x646;&#x649; (MIC) &#x62A;&#x62A;&#x631;&#x627;&#x648;&#x62D; &#x645;&#x646; 1 &#x625;&#x644;&#x649; 16 &#x645;&#x64A;&#x643;&#x631;&#x648;&#x62C;&#x631;&#x627;&#x645; / &#x645;&#x644;.&#x648; &#x628;&#x630;&#x644;&#x643; &#x633;&#x644;&#x637; &#x647;&#x630;&#x627; &#x627;&#x644;&#x628;&#x62D;&#x62B; &#x627;&#x644;&#x636;&#x648;&#x621; &#x639;&#x644;&#x649; &#x627;&#x644;&#x645;&#x633;&#x62A;&#x648;&#x64A;&#x627;&#x62A; &#x627;&#x644;&#x645;&#x631;&#x62A;&#x641;&#x639;&#x629; &#x644;&#x644;&#x645;&#x642;&#x627;&#x648;&#x645;&#x629; &#x628;&#x64A;&#x646; &#x639;&#x632;&#x644;&#x627;&#x62A; &#x643;&#x644;&#x64A;&#x628;&#x633;&#x64A;&#x644;&#x627; &#x646;&#x64A;&#x645;&#x648;&#x646;&#x64A;&#x627; &#x627;&#x644;&#x645;&#x635;&#x62D;&#x648;&#x628;&#x629; &#x628;&#x627;&#x643;&#x62A;&#x633;&#x627;&#x628; &#x62C;&#x64A;&#x646;blaSHV&#x648;&#x62A;&#x645; &#x627;&#x644;&#x62A;&#x62A;&#x62D;&#x642;&#x642; &#x645;&#x646; &#x627;&#x644;&#x646;&#x634;&#x627;&#x637; &#x627;&#x644;&#x642;&#x648;&#x64A; &#x627;&#x644;&#x645;&#x636;&#x627;&#x62F; &#x644;&#x644;&#x628;&#x643;&#x62A;&#x64A;&#x631;&#x64A;&#x627; &#x644;&#x646;&#x628;&#x627;&#x62A; &#x627;&#x644;&#x62D;&#x631;&#x62C;&#x644; &#x636;&#x62F; &#x643;&#x644;&#x64A;&#x628;&#x633;&#x64A;&#x644;&#x627; &#x646;&#x64A;&#x645;&#x648;&#x646;&#x64A;&#x627; &#x627;&#x644;&#x645;&#x646;&#x62A;&#x62C;&#x629; &#x644;&#x640; ESBL&#x60C; &#x645;&#x645;&#x627; &#x64A;&#x634;&#x64A;&#x631; &#x625;&#x644;&#x649; &#x627;&#x644;&#x62A;&#x637;&#x628;&#x64A;&#x642; &#x627;&#x644;&#x645;&#x62D;&#x62A;&#x645;&#x644; &#x644;&#x645;&#x633;&#x62A;&#x62E;&#x644;&#x635;&#x647; &#x627;&#x644;&#x645;&#x64A;&#x62B;&#x627;&#x646;&#x648;&#x644;&#x64A; &#x641;&#x64A; &#x645;&#x643;&#x627;&#x641;&#x62D;&#x629;&#x62A;&#x644;&#x643; &#x627;&#x644;&#x628;&#x643;&#x62A;&#x64A;&#x631;&#x64A;&#x627;.</subfield>
  </datafield>
  <datafield tag="530" ind1=" " ind2=" ">
    <subfield code="a">Issues also as CD.</subfield>
  </datafield>
  <datafield tag="546" ind1=" " ind2=" ">
    <subfield code="a">Text in English and abstract in Arabic &amp; English.</subfield>
  </datafield>
  <datafield tag="650" ind1=" " ind2="0">
    <subfield code="a">Microbiology</subfield>
  </datafield>
  <datafield tag="650" ind1=" " ind2="0">
    <subfield code="a">&#x645;&#x64A;&#x643;&#x631;&#x648;&#x628;&#x64A;&#x648;&#x644;&#x648;&#x62C;&#x64A;</subfield>
  </datafield>
  <datafield tag="653" ind1=" " ind2="1">
    <subfield code="a">Enterobacteriaceae</subfield>
    <subfield code="a">ESBLs</subfield>
    <subfield code="a">Klebsiella species</subfield>
    <subfield code="a">Antibiotic resistance</subfield>
    <subfield code="a">Antimicrobial activity</subfield>
    <subfield code="a">Solenostemma argel</subfield>
    <subfield code="a">&#x628;&#x643;&#x62A;&#x64A;&#x631;&#x64A;&#x627; &#x643;&#x644;&#x64A;&#x628;&#x633;&#x64A;&#x644;&#x627; </subfield>
    <subfield code="a">&#x628;&#x64A;&#x62A;&#x627; &#x644;&#x627;&#x643;&#x62A;&#x627;&#x645;&#x64A;&#x632; &#x645;&#x645;&#x62A;&#x62F; &#x627;&#x644;&#x637;&#x64A;&#x641;</subfield>
  </datafield>
  <datafield tag="700" ind1="0" ind2=" ">
    <subfield code="a">Zienat Kamel Mohamed Ibrahim</subfield>
    <subfield code="e">thesis advisor.</subfield>
  </datafield>
  <datafield tag="700" ind1="0" ind2=" ">
    <subfield code="a">Mohamed G. Farahat</subfield>
    <subfield code="e">thesis advisor.</subfield>
  </datafield>
  <datafield tag="700" ind1="0" ind2=" ">
    <subfield code="a">Sherin Mohamed Ashraf Sharaf</subfield>
    <subfield code="e">thesis advisor.</subfield>
  </datafield>
  <datafield tag="900" ind1=" " ind2=" ">
    <subfield code="b">01-01-2025</subfield>
    <subfield code="c">Zienat Kamel Mohamed Ibrahim</subfield>
    <subfield code="c">Mohamed G. Farahat</subfield>
    <subfield code="c">Sherin Mohamed Ashraf Sharaf</subfield>
    <subfield code="U">Cairo University</subfield>
    <subfield code="F">Faculty of Science</subfield>
    <subfield code="D">Department of Botany and Microbiology</subfield>
  </datafield>
  <datafield tag="905" ind1=" " ind2=" ">
    <subfield code="a">Shimaa</subfield>
    <subfield code="e">Eman Ghareb</subfield>
  </datafield>
  <datafield tag="942" ind1=" " ind2=" ">
    <subfield code="2">ddc</subfield>
    <subfield code="c">TH</subfield>
    <subfield code="e">21</subfield>
    <subfield code="n">0</subfield>
  </datafield>
  <datafield tag="999" ind1=" " ind2=" ">
    <subfield code="c">179239</subfield>
  </datafield>
  <datafield tag="952" ind1=" " ind2=" ">
    <subfield code="2">ddc</subfield>
    <subfield code="9">316176</subfield>
    <subfield code="a">CUCL</subfield>
    <subfield code="b">cl210</subfield>
    <subfield code="d">2026-04-06</subfield>
    <subfield code="i">93679</subfield>
    <subfield code="o">Cai01.12.05.M.Sc.2024.Ha.E</subfield>
    <subfield code="p">01010110093679000</subfield>
    <subfield code="r">2026-04-06 19:55:48</subfield>
    <subfield code="w">2026-04-06</subfield>
    <subfield code="y">TH</subfield>
  </datafield>
</record>
